| 000 | 00944nam a2200253Ia 4500 | ||
|---|---|---|---|
| 003 | OSt | ||
| 005 | 20220923213137.0 | ||
| 006 | a|||||r|||| 00| 0 | ||
| 007 | ta | ||
| 008 | 220922b |||||||| |||| 00| 0 hin d | ||
| 024 | _a159,198 | ||
| 037 | _cTextual | ||
| 040 |
_aARTS _cARTS _bhin |
||
| 041 |
_2hin _ahin |
||
| 082 | _aQ22:332.211, 152K4 | ||
| 100 | _aकलिक, मोहम्मद | ||
| 245 | 0 | _aआलवार भक्ति का तमिल प्रबन्घम् और हिंदी कृष्ण-काव्य | |
| 246 | _aĀlavār bhakti kā tamil prabangham aur hiandī kṛuṣhṇa-kāvya | ||
| 260 |
_aआगरा _b विनोद पुस्तक मंदिर |
||
| 300 |
_a536पृ. _ccm. |
||
| 650 |
_aहिन्दी साहित्य _9156264 |
||
| 942 |
_hQ22:332.211, 152K4 _cTEXL _2CC |
||
| 999 |
_c313945 _d313945 |
||